|
|
|
|
| LEADER |
00000nab a2200000 a 4500 |
| 001 |
vtls009524804 |
| 003 |
SK-MaSNL |
| 005 |
20260304034756.0 |
| 008 |
090611 2009 xo || |||| ||slo |
| 015 |
|
|
|a SNBRB2009/06
|2 snkbucl
|
| 038 |
|
|
|a SNKBUCL
|
| 040 |
|
|
|a SNKBUCL
|b slo
|e AACR2
|c SNKBUCL
|
| 041 |
0 |
|
|a slo
|
| 044 |
|
|
|a xo
|c SK
|
| 080 |
|
|
|a 634.054:632.9
|2 2001
|
| 080 |
|
|
|a 635.1/.9:632.9
|2 2001
|
| 080 |
|
|
|a 632.9
|2 2001
|
| 100 |
1 |
|
|a Matlák, Juraj
|4 aut
|9 7493
|
| 245 |
1 |
0 |
|a Ochrana rastlín v apríli
|c Juraj Matlák
|
| 300 |
|
|
|b Fotogr.
|
| 650 |
0 |
7 |
|a ovocné dreviny
|2 snkbucl
|9 29477
|
| 650 |
0 |
7 |
|a záhradné rastliny
|2 snkbucl
|9 2726
|
| 650 |
0 |
7 |
|a ochrana rastlín
|2 snkbucl
|9 3636
|
| 650 |
0 |
7 |
|a apríl
|2 snkbucl
|9 873234
|
| 773 |
0 |
|
|t Záhradkár
|g Roč. XLV, č. 4 (2009), s. 84-86
|x 0862-5565
|
| 852 |
|
|
|a SNK
|b KIS3GCP
|
| 999 |
|
|
|c 2654884
|d 2656814
|